Statistics for Largest Towns on the Isle of Wight

Click here to take the quiz!

General Stats

  • This quiz has been taken 83 times
    (49 since last reset)
  • The average score is 9 of 10

Answer Stats

Hint Answer % Correct
Pop. 23,957Newport
98%
Pop. 26,152Ryde
95%
Pop. 9,663Cowes
95%
Pop. 7,000Ventnor
91%
Pop. 8,055Shanklin
89%
Pop. 5,299Sandown
89%
Pop. 855Yarmouth
82%
Pop. 5,369Freshwater
77%
Pop. 6,166East Cowes
75%
Pop. 2,077Brading
61%

Score Distribution

Percentile by Number Answered

Percent of People with Each Score

Your Score History

You have not taken this quiz since the last reset